Alphabetically first African country for each Letter - Statistics

General Stats
  • This quiz has been taken 39 times
  • The average score is 13 of 16
Answer Stats
Answer % Correct
A Algeria
97%
U Uganda
91%
Z Zambia
91%
B Benin
88%
D Democratic Republic of the Congo
88%
K Kenya
88%
E Egypt
84%
C Cameroon
81%
G Gabon
81%
I Ivory Coast
81%
L Lesotho
81%
N Namibia
81%
T Tanzania
78%
S São Tomé and Príncipe
75%
M Madagascar
72%
R Republic of the Congo
66%
No matching quizzes found
Score Distribution
Percent of People with Each Score
Percentile by Number Answered
Your Score History
You have not taken this quiz